Architekt Vladimír Dedeček /

Gespeichert in:
Bibliographische Detailangaben
Weitere Verfasser: Mikloš, Peter (Herausgegeben von), Droppová, Zoja (Herausgegeben von), Kusý, Martin, 1948- (Herausgegeben von), Paňák, Pavel, 1948- (Herausgegeben von)
Format: Buch
Sprache:Slowakisch
Veröffentlicht: Bratislava : Vydavateľstvo Spolku architektov Slovenska, 2015
Ausgabe:1. vydanie
Schlagworte:
Tags: Tag hinzufügen
Keine Tags, Fügen Sie das erste Tag hinzu!

MARC

LEADER 00000nam a22000003a 4500
001 0082590
003 SK-STU
005 20200729145636.3
007 ta
008 200729s ----xo-----e------000-0-----d
020 |a 978-80-88757-93-1 
040 |a STU  |b slo 
041 0 |a slo 
044 |a xo 
100 1 |a Mikloš, Peter  |4 lso  |4 edt  |r Z5 
245 1 0 |a Architekt Vladimír Dedeček /  |c Peter Mikloš, Pavel Paňák ; ed. Zoja Droppová, Martin Kusý 
250 |a 1. vydanie 
260 |a Bratislava :  |b Vydavateľstvo Spolku architektov Slovenska,  |c 2015 
300 |a 56 s. 
650 0 7 |a architektonické dielo 
700 1 |a Droppová, Zoja  |4 edt 
700 1 |a Kusý, Martin,  |d 1948-  |u 051110  |r Z8  |4 edt  |U FAD Fakulta architektúry  |T FA Ústav architektúry obytných budov  |X 3763  |U A1110  |Y 392  |7 A000003763 
700 1 |a Paňák, Pavel,  |d 1948-  |u 050900  |r Z1  |4 edt  |U FAD Fakulta architektúry  |T FA Dekanát  |X 70322  |U A0900  |Y 158  |7 A000070322 
996 |b 284AU08419  |c A* 11679/U  |l AAKNST  |s P  |a 0  |w 0082590_0001